000
00332nam a22001457a 4500
999
_c
8201
_d
8201
003
OSt
005
20200812131128.0
008
200812b ||||| |||| 00| 0 eng d
020
_a
9789881974068
082
_a
020
110
_a
Karty Lee
245
_a
Libraries
260
_a
Hong Kong
_b
Design media publishing
_c
2011
942
_2
ddc